Fund managers add their weight to returning confidence (Record no. 82298)

MARC details
000 -LEADER
fixed length control field 00892cam a22001935a 4500
001 - CONTROL NUMBER
control field L149845
008 - FIXED-LENGTH DATA ELEMENTS--GENERAL INFORMATION
fixed length control field 100504e2010 xxk 000 0 eng d
035 ## - SYSTEM CONTROL NUMBER
System control number (Sirsi) u149845
041 0# - LANGUAGE CODE
Language code of text/sound track or separate title eng
100 1# - MAIN ENTRY--PERSONAL NAME
Personal name Whitmore, James
245 00 - TITLE STATEMENT
Title Fund managers add their weight to returning confidence
260 ## - PUBLICATION, DISTRIBUTION, ETC.
Date of publication, distribution, etc. 2010
490 #0 - SERIES STATEMENT
Series statement Property Week
Volume/sequential designation 76(15) 16 April 2010, 31-21(2)
520 ## - SUMMARY, ETC.
Summary, etc. Lloyds Banking Group's third quarterly Commercial Property Confidence Monitor points to a slow but steady recovery in the commercial property market in 2010. Property fund managers who are included for the first time in this survey are the most confident group about activity and two-thirds expect to see improvements in the next three to six months.
590 ## - LOCAL NOTE (RLIN)
Local note KA
651 #4 - SUBJECT ADDED ENTRY--GEOGRAPHIC NAME
Geographic name United Kingdom
Chronological subdivision
690 ## - LOCAL SUBJECT ADDED ENTRY--TOPICAL TERM (OCLC, RLIN)
Topical term or geographic name as entry element PROPERTY-COMMERCIAL PROPERTY-COMMERCIAL PROPERTY FINANCE AND INVESTMENT
942 ## - ADDED ENTRY ELEMENTS (KOHA)
Suppress in OPAC 0
Holdings
Withdrawn status Lost status Source of classification or shelving scheme Damaged status Not for loan Home library Current library Shelving location Date acquired Total Checkouts Full call number Barcode Date last seen Copy number Price effective from Koha item type
    Dewey Decimal Classification     London London Journal article 04/05/2010   L149845 149845-1001 06/08/2019 1 06/08/2019 Journal article